000 00577nam a2200217I 4500
999 _c2190
_d2190
001 1039360
003 OSt
005 20181009161314.0
008 741011s1960 xx 00010 eng u
010 _a61004258
040 _cDLC
082 _aREF 220.2
090 _aBS425
_b.A53 1960
110 2 0 _aAmerican Bible Society
245 1 2 _aA new concordance to the Holy Bible,
_bKing James version
260 1 _aNew York,
_c1960
300 _aiv, 482 p.
_c21 cm
630 0 0 _aBible
_xConcordances, English
630 0 0 _aBible.
_lEnglish
_xVersions
_xAuthorized
942 _2ddc
_cREF